Normal view
MARC view
- Machine Design with An Integrated Approach
Entry Topical Term
001 - CONTROL NUMBER
- control field: 112444
003 - CONTROL NUMBER IDENTIFIER
- control field: NUST
005 - DATE AND TIME OF LATEST TRANSACTION
- control field: 20230518114955.0
008 - FIXED-LENGTH DATA ELEMENTS
- fixed length control field: 230518|| aca||aabn | a|a d
040 ## - CATALOGING SOURCE
- Original cataloging agency: NUST
- Transcribing agency: NUST
150 ## - HEADING--TOPICAL TERM
- Topical term or geographic name entry element: Machine Design with An Integrated Approach
670 ## - SOURCE DATA FOUND
- Source citation: Work cat.: (NUST): Norton, Robert L., Machine Design:, 2014.
